INNOVATION THE BASIS OF CULTURAL CHANGE (Record no. 583627)

000 -LEADER
fixed length control field 00259nam a22001097a 4500
082 ## - DEWEY DECIMAL CLASSIFICATION NUMBER
Classification number 306 BAR'I
100 ## - MAIN ENTRY--PERSONAL NAME
Personal name BARNETT, H. G
9 (RLIN) 78517
245 ## - TITLE STATEMENT
Title INNOVATION THE BASIS OF CULTURAL CHANGE
260 ## - PUBLICATION, DISTRIBUTION, ETC.
Place of publication, distribution, etc. NEWYORK
Name of publisher, distributor, etc. MCGRAW HILL
Date of publication, distribution, etc. 1953
300 ## - PHYSICAL DESCRIPTION
Extent 462P
942 ## - ADDED ENTRY ELEMENTS (KOHA)
Koha item type Book
Holdings
Withdrawn status Lost status Damaged status Not for loan Permanent Location Current Location Shelving location Date acquired Total Checkouts Full call number Barcode Date last seen Price effective from Koha item type
        College of Electrical & Mechanical Engineering (CEME) College of Electrical & Mechanical Engineering (CEME) General Stacks 06/16/2017   306 BAR'I CEME-8024 06/28/2021 06/28/2021 Book
© 2023 Central Library, National University of Sciences and Technology. All Rights Reserved.